• 首页
  • 本馆介绍
  • 公告通知
  • 最新文献
  • 馆藏检索
  • 电子资源
  • 读者导购
  • 参考咨询
  • 我的图书馆
  • 登录
  • 详细信息显示
  • 放入我的书架
  • 预约/预借图书
  • 作者相关作品
  • 分类相关作品
  • 丛书相关作品
  • 出版社相关作品

书目信息

  • 表格格式
  • 工作单格式
  • 卡片格式
题名:
经济应用数学基础
    
 
作者: 胡显佑 主编
分册: 二   线性代数
出版信息: 北京   高等教育出版社  2008
页数: 168页
开本: 23cm
丛书名:
单 册:
中图分类: F224.0 , O151.2
科图分类:
主题词: 经济数学--高等学校--教材 , 线性代数--高等学校--教材
电子资源:
ISBN: 978-7-04-023906-5
000 00870nam0 2200253 45
005 20100303105911.59
010    @a978-7-04-023906-5@dCNY12.10
100    @a20100120e20092008em y0chiy0120 ea
101 0  @achi
102    @aCN@b110000
105    @ay z 000yy
106    @ar
200 1  @a经济应用数学基础@AJing Ji Ying Yong Shu Xue Ji Chu@h二@HEr@i线性代数@IXian Xing Dai Shu@f胡显佑主编@FHu Xian You Zhu Bian
210    @a北京@c高等教育出版社@d2008@h2009
215    @a168页@d23cm
300    @a高等学校经济管理类数学基础课程系列教材
330    @a本书内容包括:矩阵、行列式、线性方程组与向量、矩阵的特征值和特征向量、二次型。
606 0  @a经济数学@x高等学校@j教材
606 0  @a线性代数@x高等学校@j教材
690    @aF224.0@v4
690    @aO151.2@v4
701  0 @a胡显佑@AHu Xian You@4主编
801  0 @aCN@bTANGWEI@c20100303
905    @b0584224-28@dF224.0@e331@f5
    
    经济应用数学基础.二.线性代数/胡显佑主编.-北京:高等教育出版社,2008(2009)
    168页;23cm
    高等学校经济管理类数学基础课程系列教材
    
    ISBN 978-7-04-023906-5:CNY12.10
    本书内容包括:矩阵、行列式、线性方程组与向量、矩阵的特征值和特征向量、二次型。
●
相关链接 在E读中查询图书 在五车中查询图书 在当当中查询图书 在豆瓣中查询图书


正题名:经济应用数学基础     索取号:F224.0/331         预约/预借

序号 登录号 条形码 馆藏地/架位号 状态 备注
1 0584224   205842249   第一样本阅览室/ [索取号:F224.0/331] 在馆    
2 0584225   205842258   第一借阅区/ [索取号:F224.0/331] 在馆    
3 0584226   205842267   第一借阅区/ [索取号:F224.0/331] 在馆    
4 0584227   205842276   第一借阅区/ [索取号:F224.0/331] 在馆    
5 0584228   205842285   第一借阅区/ [索取号:F224.0/331] 在馆    
唐山师范学院图书馆 欢迎您!
大连网信软件有限公司© 版权所有